Catalog

Record Details

Catalog Search



Kierkegaard  Cover Image Book Book

Kierkegaard / by Zuidema ; translated by David H. Freeman

Zuidema (Author).

Record details

  • Physical Description: 50 p. ; 24 cm
  • Publisher: Philadelphia, Presbyterian and Reformed Pub. Co., 1960

Content descriptions

General Note:
"Originally published in the Dutch language as a chapter in Modern thinkers ... edited by [the author]"
Bibliography, etc. Note:
Bibliography p. [6]

Available copies

  • 1 of 1 copy available at Common Catalog SPOK.

Holds

  • 0 current holds with 1 total copy.
Show All Copies
Location Call Number / Copy Notes Barcode Shelving Location Status Due Date
Jabok Library FL-3/Ki 424480028109 Odborná literatura Available -

LDR 01125cam a22003131 4500
00117345
003CZ-PrJAB
00520190916071159.0
008751024s1960 pau b 000 0 eng
035 . ‡a(OCoLC)1732237
040 . ‡aDLC ‡cNFredU ‡dOCoLC ‡dDLC ‡dABG312
1001 . ‡aZuidema ‡4aut
24510. ‡aKierkegaard / ‡cby Zuidema ; translated by David H. Freeman
260 . ‡aPhiladelphia, ‡bPresbyterian and Reformed Pub. Co., ‡c1960
300 . ‡a50 p. ; ‡c24 cm
4901 . ‡aInternational library of philosophy and theology. Modern thinkers series
500 . ‡a"Originally published in the Dutch language as a chapter in Modern thinkers ... edited by [the author]"
504 . ‡aBibliography p. [6]
6530 . ‡afilosofie
830 0. ‡aModern thinkers series
910 . ‡aABG312
995 . ‡aska
901 . ‡a17345 ‡bCZ-PrJAB ‡c17345 ‡tbiblio

Additional Resources